90's Hip Hop - Statistics

General Stats
  • This quiz has been taken 257 times
  • The average score is 9 of 16
Answer Stats
Picture Answer % Correct
2pac
99%
Snoop Dogg
98%
Eminem
93%
Ice Cube
92%
The Notorious B.I.G.
91%
Dr. Dre
84%
Nas
58%
Nate Dogg
47%
Method Man
41%
Xzibit
38%
Andre 3000
36%
Redman
30%
Kurupt
25%
DJ Premier
22%
Rakim
13%
Scarface
12%
No matching quizzes found
Score Distribution
Percent of People with Each Score
Percentile by Number Answered
Your Score History
You have not taken this quiz